MDQL
is popping MORE tags! Check the
thread
!
Quizzes
Events
Quiz Creation
Community
Videos
Private Events
Remove Ads
Sign In
Join for FREE
Feedback
Dark Mode
Quiz Categories
Sports
Geography
Music
Movies
Television
Just For Fun
Miscellaneous
History
Literature
Language
Science
Gaming
Entertainment
Religion
Holiday
For Kids
Quiz Lab
Recent
Popular Today
Quiz Kudos Today
Editor Picks
Curator Picks
Quizzes by...
Day
Popularity
Type
Ratings
Length
Year
Community
Subscriptions
Recent Discussions
Orange Saloon
Badges
Playlists
Quests
Create
Leaderboards
Showdown
Live 5
Trivia Bingo
Activity
Puzzle Library
Sporcle Events
Private Events
Virtual Trivia
Globe League
Become a Host
Pub Owners
SporcleCon
Opinionation
Our Games
Videos
Blog
Mobile Apps
Partnerships
Remove Ads and Go Orange
Feedback
Music
Pop Music
The Beatles
Song
Album
Lyrics
Bands
Singers
Artist
Clip
Rock
Rap
Classical
Billboard
Country Music
Kpop
Taylor Swift
Music
Pop Music
The Beatles
Song
Album
Lyrics
Bands
Singers
Artist
Clip
Rock
Rap
Classical
Billboard
Country Music
Kpop
Taylor Swift
Random Quiz
Search Sporcle
×
Quiz Lab
Quiz Lab
Music
Song
Type in answers that appear in a list
Type in answers that appear in a list
Classic
Best Score? Go Orange.
Eiffel 65 songs Stats
Can you name the Eiffel 65 songs?
By
BonkFace
6m
46 Questions
124 Plays
124 Plays
124 Plays
Comments
Comments
Give Quiz Kudos
Give Quiz Kudos
-
- Ratings
hide this ad
Replay
Link that replays current quiz
Next Quiz
Link to next quiz in quiz playlist
You Got
0%
They Got
Avg Score
35%
Avg Friend Score
Upgrade to see
Score Distribution
Jump to the score distribution portion of the page
Score
0/46
Timer
06:00
0
Plays Today
Album
song
% Correct
Eurpop
Blue (da ba dee)
100%
Eurpop
Blue (extended mix)
94.3%
Eurpop
Move your Body
70.7%
Eurpop
Too much of Heaven
64.2%
Eurpop
My Console
60.2%
Eurpop
Your Clown
57.7%
Eurpop
Silicon World
56.1%
Eurpop
Another Race
55.3%
Eurpop
Dub in Life
52.8%
Eurpop
Living in a Bubble
51.2%
Eurpop
The Edge
51.2%
Contact
Lucky in my life
45.5%
Eurpop
Now is Forever
43.9%
Contact
Back in Time
42.3%
Eurpop
Eurpop
39.8%
Contact
New Life
39.8%
Contact
Losing You
36.6%
Contact
DJ with the Fire
35%
Contact
Life like Thunder
35%
Contact
Crazy
30.9%
Contact
People of Tomorrow
30.9%
Contact
Morning Time
30.1%
Contact
Johnny Grey
30.1%
Album
song
% Correct
Contact
Journey
30.1%
Contact
80's stars
30.1%
Contact
One Goal
29.3%
Contact
Far Away
29.3%
Contact
King of Lullaby
28.5%
Contact
Brightly Shines
26.8%
Eurpop
Hyperlink (deep down)
25.2%
Eiffel 65 (english)
Follow Me
25.2%
Contact
World in the World
24.4%
Eiffel 65 (english)
Today
22%
Contact
I don't wanna lose
20.3%
Eiffel 65 (english)
Just one night and maybe goodbye
19.5%
Eiffel 65 (english)
Going to Dance All Night
19.5%
Contact (Bonus track)
Elephants in Amsterdam
17.1%
Eiffel 65 (english)
The World Inside My Bedroom
17.1%
Eiffel 65 (english)
Like a Rolling Stone
16.3%
Eiffel 65 (english)
Time is not our cage
15.4%
Eiffel 65 (english)
You Believe
14.6%
Eiffel 65 (english)
The Filter
14.6%
Eiffel 65
Figli Di Pitagora
13%
Eiffel 65 (english)
On a Stage all across the world
12.2%
Eiffel 65
Non E' Per Sempre
5.7%
Eiffel 65
Cosa Restera' (in a song)
4.1%
Quiz Playlist
Details
Report
Send in Message
Add To Playlist
Classic:
Type in answers that appear in a list
Quiz Source
Last Updated: Feb 16, 2017
Quiz Scoreboard
CHALLENGE
Sign Up to Join the Scoreboard
Show All
Scores
Hide
Comments
May contain spoilers
Recently Published
Image Sorting: Flags VI
by Barbecue
Geography
2m
Find the 'City' Movie
by crazypaving
Movies
60s
Colored Red Africa Blitz
by spor1
Geography
45s
More to Explore
Quiz From the Vault
Featured Blog Post
14 Easter Pick-up Lines to Find Eggs With
hide this ad
You Might Also Like...
Tags
Album Quiz
Song Quiz
eiffel
Eiffel 65
Today's Top Quizzes in Music
Browse Music
hide this ad
Today's Top Quizzes in Song
Browse Song
Top Contributed Quizzes in Music
1
5X2 Blitz: Bands II
2
5X2 Blitz: The Beatles
3
Taylor Swift All Songs (2024)
4
5X2 Blitz: Billboard
5
5X2 Blitz: Billboard II
6
5X2 Blitz: Album
7
5X2 Blitz: Rock
8
5X2 Blitz: Singers
9
Taylor Swift Logic Puzzle II
10
5X2 Blitz: Lyrics
Explore More
Trending Topics
NBA
Harry Potter
Crossword
Marvel
Disney
Anime
Kpop
WWE
The Office
NFL
Pokémon
Soccer
Country
Puzzle
Song
hide this ad
More By:
BonkFace
Quiz
Plays
Rating
Category
Featured
Created
Daft Punk Songs
1,675
3.22
Music
Sep 25, 2009
End of the World Lyrics (REM)
343
3.20
Music
Sep 25, 2009
Eiffel 65 songs
124
1.00
Music
Sep 25, 2009
After Today Lyrics
83
3.00
Music
Apr 17, 2010
Names of SHers
11
5.00
Miscellaneous
Jan 19, 2010
Go to Creator's Profile
Score Distribution
Quiz Creator Spotlight
BonkFace
Follow
Send a Message
Quizzes Created
-
Created Quiz Play Count
-
More By This Creator
Popular Quizzes Today
1
Colored Red Africa Blitz
2
Find the US States - No Outlines Minefield
3
Find the 'City' Movie
4
5x2 Blitz: Bands
5
The Countries of the World
6
Find the US States
7
Find the Countries of Europe - No Outlines Minefield
8
US States
More Music Quizzes
Teeth (Lyrics) by 5 Seconds of Summer
Quiz Lab
Trending Quizzes
Colored Red Europe Blitz I
Colored Red Europe Blitz II
Colored Red Africa Blitz II
Colored Red Europe Blitz III
Colored Red Africa Blitz III
Recently Updated
How Do You Spell That?
pecheneg
Godzilla Movies
pecheneg
Grab Bag: 4-10 Letters
pecheneg
2024 March Madness Bracket
pecheneg
Famous TV Couples
Peacemaker
Champions League XIs: Real Madrid
pecheneg
Largest US Cities 1790-2010
pecheneg
Rides in Walt Disney World
pecheneg
Most Oscar Losses (Acting)
pecheneg
Beyoncé Albums
pecheneg
Trending Topics
Crossword
Marvel
Harry Potter
Kpop
Anime
NBA
Disney
Puzzle
NFL
Song
Soccer
WWE
The Office
Pokémon
Country
Your Account Isn't Verified!
In order to create a playlist on Sporcle, you need to verify the email address you used during registration. Go to your
Sporcle Settings
to finish the process.
Report this User
Report this user for behavior that violates our
Community Guidelines
.
Details:
Send Report
Go to the Sporcle.com Mobile Site →
Comments